000 00223nam a22000857a 4500
008 161115b xxu||||| |||| 00| 0 eng d
100 _91217
_aMitra. A
245 _aA friend forever
260 _aNew delhi
_bNationla book trust
_c2007
999 _c3908
_d3908